| 000 | 00573nam a2200193Ia 4500 | ||
|---|---|---|---|
| 999 |
_c15148 _d15148 |
||
| 003 | OSt | ||
| 005 | 20201020120319.0 | ||
| 008 | 190216s9999||||xx |||||||||||||| ||und|| | ||
| 020 | _a9062037399 | ||
| 040 | _coclc | ||
| 082 |
_a807.1 _bHOL/T |
||
| 100 |
_a Holmes, James S _95499 |
||
| 245 | 0 |
_aTranslated Papers On Literary Translation And Translation Studies / _cJames S Holmes |
|
| 250 | _a2nd Ed. | ||
| 260 |
_bRodopi, _c2005. _aNetherlands: |
||
| 300 | _a117p | ||
| 650 | _aEnglish Literature | ||
| 942 |
_cBK _2ddc _h807.1 _iHOL/T _k807.1 _mHOL/T |
||